[Event "Sacrifice more if you want to have the initiative"]
[Site "SchemingMind.com"]
[Date "2013.10.08"]
[Round "-"]
[White "flammablepawn"]
[Black "D O Vaughan"]
[Result "0-1"]
[WhiteCountry "USA"]
[BlackCountry "WLS"]
[WhiteElo "1874"]
[WhiteRD "105"]
[BlackElo "2075"]
[BlackRD "107"]
[GameID "339544"]

1. b4 e5 2. Bb2 f6 3. b5 d5 4. a4 Nh6 5. e3 Be6 6. Nf3 a6 7. d3 axb5 8. axb5 Rxa1 9. Bxa1 Nd7 10. Be2 Qa8
11. O-O Qxa1
0-1

[Event "Sacrifice more if you want to have the initiative"]
[Site "SchemingMind.com"]
[Date "2013.10.08"]
[Round "-"]
[White "D O Vaughan"]
[Black "flammablepawn"]
[Result "1-0"]
[WhiteCountry "WLS"]
[BlackCountry "USA"]
[WhiteElo "2077"]
[WhiteRD "101"]
[BlackElo "1840"]
[BlackRD "103"]
[GameID "339548"]

1. e4 e6 2. d4 d5 3. Nc3 Nf6 4. e5 Nfd7 5. f4 c5 6. dxc5 Bxc5 7. Qg4 g6 8. Nf3 Nc6 9. a3 h5 10. Qg3 b6
11. Bd3 Bb7 12. h4 Nf8 13. Bd2 Qc7 14. O-O-O O-O-O 15. Qe1 Kb8 16. Qe2 Ka8 17. Kb1 Qd7 18. Bb5 Qc7 19. Be1 Nh7 20. Bd3 Rd7
21. Bf2 Rhd8 22. Nb5 Qb8 23. b4 Bxf2 24. Qxf2 Ba6 25. Nfd4 Nxd4 26. Nxd4 Qb7 27. b5
1-0